00694nam a2200145 a 4500008004100000050001700041100001800058245009000076260003400166350000900200500010600209995009500315999001700410952012100427100727s1988 ||||||||||||||||| || u aPAPERS/STAFF aNjeleka, P. J12aA paper on the role of information and documentation services in decision making..... aLusakabResearch Bureauc1988 a0.00 aPaper presented to the workshop on the management of a National and Iinformation System in Zambia.... D0.00FCBU-MAIN LIBRARY (Kitwe)H1I0.00M1UAVAILABLEWJul 27, 2010ZUniversity Collection c53099d53099 00102lcc4070a001b001cUniversity Collectiond2022-11-30l0oPAPERS/STAFFp03006876r2022-11-30w2022-11-30y002